Giáo trình triết học Mác Lênin : (Dùng cho các trường đại học, cao đẳng)

Sách gồm 2 phần trình bày khái lược về triết học và lịch sử triết học, những nguyên lý cơ bản của triết học Mác - Lênin.

保存先:
書誌詳細
第一著者: Nguyễn, Ngọc Long
フォーマット: 図書
言語:Undetermined
出版事項: Hà Nội Chính trị Quốc gia 2007
主題:
タグ: タグ追加
タグなし, このレコードへの初めてのタグを付けませんか!
Thư viện lưu trữ: Trung tâm Học liệu Trường Đại học Cần Thơ
LEADER 01062nam a2200241Ia 4500
001 CTU_131245
008 210402s9999 xx 000 0 und d
020 |c 21000 
082 |a 335.411 
082 |b L431 
100 |a Nguyễn, Ngọc Long 
245 0 |a Giáo trình triết học Mác Lênin : 
245 0 |b (Dùng cho các trường đại học, cao đẳng) 
245 0 |c Nguyễn Ngọc Long, Nguyễn Hữu Vui (đồng chủ biên ) 
260 |a Hà Nội 
260 |b Chính trị Quốc gia 
260 |c 2007 
520 |a Sách gồm 2 phần trình bày khái lược về triết học và lịch sử triết học, những nguyên lý cơ bản của triết học Mác - Lênin. 
526 |a Triết học,Triết học 
526 |b ML605,ML606 
650 |a Philosophy, Marxist,Triết học Mác 
904 |i Nguyên, Mai chuyển từ 146.32 thành 335.411 chưa in nhãn,Qhieu đã sửa 
980 |a Trung tâm Học liệu Trường Đại học Cần Thơ